Justice, gender and the politics of multiculturalism
Na minha lista:
| Autor principal: | |
|---|---|
| Formato: | Livro |
| Idioma: | inglês |
| Publicado em: |
Cambridge
Cambridge University Press
2007
|
| Colecção: | Contemporary Political Theory
|
| Assuntos: | |
| Tags: |
Sem tags, seja o primeiro a adicionar uma tag!
|
MARC
| LEADER | 00000nam a2200000 4500 | ||
|---|---|---|---|
| 001 | 0222374 | ||
| 005 | 20240314103454.8 | ||
| 020 | |a 978-0-521-69759-0 | ||
| 041 | 0 | |a eng | |
| 044 | |a GB | ||
| 245 | 1 | 0 | |a Justice, gender and the politics of multiculturalism |c Sarah Song |
| 264 | 1 | |a Cambridge |b Cambridge University Press |c 2007 | |
| 300 | |a xiii, 198 s. | ||
| 490 | 1 | |a Contemporary Political Theory | |
| 830 | 0 | |a Contemporary Political Theory | |
| 610 | 2 | 0 | |a multikulturalizmus |
| 610 | 2 | 0 | |a diskriminácia |
| 610 | 2 | 0 | |a ženy |
| 610 | 2 | 0 | |a práva ľudské |
| 610 | 2 | 0 | |a menšiny národnostné |
| 610 | 2 | 0 | |a pluralizmus |
| 610 | 2 | 0 | |a konflikty |
| 610 | 2 | 0 | |a spravodlivosť sociálna |
| 610 | 2 | 0 | |a identita |
| 610 | 2 | 0 | |a právo menšinové |
| 610 | 2 | 0 | |a kriminalita |
| 610 | 2 | 0 | |a náboženstvo |
| 610 | 2 | 0 | |a USA |
| 100 | 1 | |a Song, Sarah | |